[Event "Bundesliga 9697"]
[Site "Germany"]
[Date "1997.??.??"]
[Round "?.3"]
[White "Mueller, Karsten"]
[Black "Ward, Christopher"]
[Result "1/2-1/2"]
[WhiteElo "2500"]
[BlackElo "2490"]
[Annotator "Mueller,Karsten"]
[PlyCount "111"]
[EventDate "1996.10.12"]
[EventType "team-tourn"]
[EventRounds "15"]
[EventCountry "GER"]
[SourceTitle "GER-chT"]
[Source "ChessBase"]
[SourceDate "1999.07.01"]
[SourceVersion "1"]
[SourceVersionDate "1999.07.01"]
[SourceQuality "1"]
[WhiteTeam "Hamburger SK"]
[BlackTeam "Wuppertal"]
[WhiteTeamCountry "GER"]
[BlackTeamCountry "GER"]

1. e4 {Fritz} c5 2. Nf3 d6 3. d4 cxd4 4. Nxd4 Nf6 5. Nc3 g6 6. Be3 Bg7 7. f3
Nc6 8. Qd2 O-O 9. O-O-O Bd7 $6 {die Bilanz in meiner Datenbank spricht mit 35:
11 zwar klar gegen den Zug, aber Chris Ward war genau vorbereitet und soll,
wie mir nach der Partie gesagt wurde, sogar ein Buch über Drachen geschrieben
haben (Zitat Oliver Reeh:"Das hatte er auch gegen mich. Ich habe seine
Neuerung widerlegt. Über eine Variante ein Buch geschrieben zu haben nützt
nichts. Es belastet nur."). In der Praxis sollte die folgende Opfersequenz auf
jeden Fall chancenreich sein:} 10. g4 Rc8 11. h4 Ne5 12. h5 (12. Bh6 $2 Bxh6
13. Qxh6 Rxc3 $1 14. bxc3 Qa5 15. Kb2 Rc8 16. Qd2 Nxf3 17. Nxf3 Nxe4 18. Qd4
Nxc3 19. Bc4 Nxd1+ 20. Rxd1 Bxg4 $17 {Nikolaidis,I-Kanavarakis,D/Heraklio op
1993/0-1 (67)}) (12. Kb1 $5 {Ward,C}) 12... Qa5 (12... Nxf3 13. Nxf3 Bxg4 14.
Be2 (14. h6 $5 Bh8 15. Be2 b5 16. Rhg1 Be6 17. Ng5 Bc4 18. Bxc4 Rxc4 19. e5 Ng4
20. b3 Nxe5 21. bxc4 Nxc4 22. Qd3 $18 {Giaccio,A-Hoffman,A/Salta Clarin op
1995 (26), z.B.} Qa5 23. Nd5 Re8 (23... Qxa2 24. Nxe7#) 24. Bd4 $18) (14. hxg6
$2 Bxf3 15. gxh7+ Kh8 (15... Nxh7 16. Rg1 $44) 16. Rg1 Ng4 17. Be2 Rxc3 18.
bxc3 Qa5 19. Bd4 e5 20. Be3 Qxa2 $19 {Wittmann,W-Hoffman,A, Novi Sad olm 90 
(34).}) 14... Bxh5 15. Nd4 Bxe2 16. Qxe2 Rxc3 17. bxc3 Nxe4 18. Bh6 Ng3 19. Qh2
Nxh1 20. Rxh1 Be5 21. Bf4 Bxf4+ 22. Qxf4 h5 23. Rxh5 e6 24. Rh1 $16 {Sermek,
D-Kovacevic,A, Belgrad 1989.}) (12... Nc4 {ist kaum im Sinne des Erfinders, da
es im Vergleich zur Hauptvariante mit Bc4-b3 2 Tempi verliert.}) 13. Kb1 Rxc3
$5 {konsequent} 14. Qxc3 (14. bxc3 $2 Nxf3 $1 15. Nxf3 Nxe4 $19) 14... Qxc3 15.
bxc3 Nxf3 $1 16. Nxf3 (16. h6 $1 {Dutreeuw,M-Pieri,F, Forli op 1991 ist ein
Vorgänger und verlief wie folgt:} Bh8 17. Nxf3 Bxg4 18. Bg2 Nxe4 19. Rd3 Nxc3+
20. Kb2 Ne2+ (20... Rc8 21. Nd4 Na4+ 22. Kc1 Nc5 23. Rd2 $16) 21. Nd4 Ng3 22.
Rh4 $6 (22. Rg1 $5) 22... Be2 23. Kb3 Bxd3 24. cxd3 Bxd4 25. Bxd4 Nf5 26. Rg4
Nxh6 27. Re4 Nf5 $2 (27... b6 $5 28. Rxe7 Nf5 29. Re4 Nxd4+ 30. Rxd4 Rd8) 28.
Bxa7 Rc8 29. Rb4 e6 30. Bxb7 $18) 16... Bxg4 17. Bg2 (17. Be2 $2 Nxe4 18. Bd2
Bxh5 19. Be1 Nxc3+ $15) 17... Nxe4 18. Rd3 (18. Kb2 Nxc3 (18... Bxc3+ $6 19.
Kb3 gxh5 20. Rdg1 $16) 19. Rd3 {siehe Partie}) 18... Nxc3+ 19. Kb2 $3 {[#]sehr
schön, aber angesichts von} (19. Rxc3 $2 Bxc3 20. hxg6 hxg6 21. Bxa7 b6 22. Ng5
Bd2 23. Ne4 Ba5 $17 {bzw}) (19. Kc1 $2 Bf5 20. h6 Bf6 $17 {nicht schwer zu
finden. Dennoch hatte ich zu diesem Zeitpunkt bereits 50 Minuten verbraucht,
mein Gegner noch keine 5. Das sollte sich nun ändern.}) 19... Rc8 (19... b5 {
Chris Ward sagte mir nach der Partie, daß ein Freund ihm diesen Zug empfohlen
habe, er sich bei genauerer Betrachtung aber nicht dafür erwärmen konnte, z.B.}
20. h6 Bf6 21. Nd4 Na4+ 22. Kc1 Nc5 23. Rd2 $16) (19... Nd1+ $1 {hätte die
unpräzise weiße Zugfolge ausgenutzt:} 20. Kb1 (20. Ka3 Nxe3 (20... Nb2 $5 {
(Kühn,S)} 21. Rb3 Nc4+ 22. Kb4 Nxe3 23. Rxe3 Bf6 $13) 21. Rxe3 Rc8 22. Rxe7 {
das folgende wäre mit eingeschaltetem h6 Bh8 nicht möglich} (22. hxg6 hxg6 23.
Ne1 Rc7 $13) 22... Bxf3 23. Bxf3 Rc3+ 24. Kb4 Rxf3 25. Rxb7 $13) 20... Nc3+ $11
(20... Nxe3 21. Rxe3 $14)) 20. h6 $1 {Im 16.Zug ist es besser, hier schöner.
Das war natürlich nicht der Grund, weshalb ich es nicht schon vorher gespielt
habe. Ich hatte mich zunächst mit Verteidigungsressourcen befaßt, und erst
hier fiel mir auf, daß h5 in einigen Varianten ungünstig hängt. Zum Glück kann
der König noch einen Zug länger in der Diagonale des Drachen stehen bleiben.}
Bf6 21. Nd4 (21. Bd4 $2 Na4+ 22. Kc1 e5 $1 23. Ra3 Bf5 24. Rxa4 Rxc2+ 25. Kd1
Rxg2 26. Rxa7 Kf8 $17) 21... Ne2 (21... Na4+ 22. Kc1 Nc5 23. Rd2 $16) 22. c3
Ng3 {sogar diese Idee hatte Chris Ward bereits auf dem Analysebrett
vorbereitet (!!). Allerdings hatte er bei der Heimanalyse natürlich nicht vor,
so zu spielen: "A whole rook is a lot".} 23. Rc1 {nachdem der erste Angriff
abgewehrt ist, fange ich an etwas passiv zu spielen.} (23. Rg1 $5 Bd7 24. Bxb7
Rb8 25. Rxg3 Rxb7+ 26. Kc1 $16) 23... a6 24. Bd2 Nf5 25. Nxf5 Bxf5 26. Bh3 Bxh3
27. Rxh3 Rc4 (27... Be5 $5 {(Ward,C)}) 28. Kc2 b5 29. Rb1 Ra4 30. Kd1 Be5 31.
c4 Rxa2 (31... Rxc4 32. Ra3 f5 33. Rxa6 $16) 32. cxb5 axb5 33. Rxb5 f5 34. Rb7
{Zunächst wollte ich} (34. Bg5 {spielen. Bis ich sah, daß mein König dann kein
Versteck gegen die Schachs hat:} Ra1+ 35. Kc2 Ra2+ 36. Kb3 Rb2+ 37. Kc4 (37.
Ka4 $5 Kf7) 37... Rc2+ 38. Kd5 $2 Kf7 39. Rb7 $2 Rc5#) 34... Bf6 35. Bc3 Ra3
36. Kc2 Kf7 {[#]} 37. Bxf6 $6 {inkonsequent. Erst tauscht Weiß alle Bauern am
Damenflügel, um Linien für seine Türme zu bekommen und dann gibt er sofort die
Qualität zurück. Ich konnte nicht hundertprozentig klären, wo das Fragezeichen
genau hingehört und muß diese Frage den Lesern zur Klärung überlassen.} (37.
Rd3 Bxc3 38. Rxc3 Rxc3+ 39. Kxc3 $16 {und der Turm sollte sich durchsetzen.}) (
37. Kb2 {Chris Ward schlug dies mit der Bemerkung vor, daß seine Majestät dem
Drachen gerne ins Auge sehe (frei übersetzt).}) 37... Rxh3 38. Bxe7 Ke6 39. Bg5
$6 (39. Bf8 $5) 39... Rh5 40. Re7+ Kd5 41. Bd2 g5 42. Rxh7 f4 {MultiMedia
files not imported} 43. Rg7 Rxh6 44. Rxg5+ {Das Maximum, was Weiß noch
erreichen kann, ist ein R+B gegen R Endspiel. Das ist zwar remis, doch Chris
Ward spielt trotzdem in der Folge genau, um es nicht noch 100 Züge zelebrieren
zu müssen.} Ke4 45. Rg1 Rf6 46. Re1+ Kf3 47. Kd3 Kg2 48. Re2+ Kf1 49. Bc3 f3
50. Re1+ Kg2 51. Bxf6 f2 52. Re2 Kf3 53. Re3+ Kg2 54. Re2 Kf3 55. Re3+ Kg2 56.
Re2 {ein "finishing in style" dieser interessanten Partie.} 1/2-1/2

[Event "Lloyds Bank Open-09"]
[Site "London"]
[Date "1985.??.??"]
[Round "?"]
[White "Anand, Viswanathan"]
[Black "Mestel, A Jonathan"]
[Result "1-0"]
[WhiteElo "2380"]
[BlackElo "2540"]
[Annotator "Narayanan,Srinath"]
[PlyCount "49"]
[EventDate "1985.08.??"]
[EventType "swiss"]
[EventRounds "9"]
[EventCountry "ENG"]
[SourceTitle "MCL"]
[Source "ChessBase"]
[SourceDate "1999.07.01"]
[SourceVersion "1"]
[SourceVersionDate "1999.07.01"]
[SourceQuality "1"]

1. e4 c5 2. Nf3 d6 3. d4 cxd4 4. Nxd4 Nf6 5. Nc3 g6 6. Be3 Bg7 7. f3 O-O 8. Qd2
Nc6 9. g4 {The alternative way of restricting Black's counterplay with d5. The
other way is to play Bc4 - the Yugoslavia attack} Be6 10. O-O-O Ne5 {Not the
most popular move here} (10... Nxd4 11. Bxd4 Qa5 12. a3 Rab8 13. h4 Rfc8 14. h5
{is the main line nowadays after White has committed to castle}) 11. h4 Bc4 {
Black aims to put the bishop on a6, and provoke b3. While it's sensible to
provoke weaknesses in opponent's camp, this plan is 'too weak, too slow'.} 12.
Bh3 $6 (12. Bg2 $142 Ba6 13. b3 Qa5 14. Kb1 Rfc8 {would've been for White as
f3 is defended now} (14... Qa3 15. Ncb5 $16) 15. Nce2) 12... Ba6 13. b3 Qa5 14.
Kb1 Qa3 $2 {The decisive mistake. By the time Black's attack gets started,
White probably would already be home.} (14... Rfc8 $142 $1 {would've
simplified things for Black. It was important to calculate the Nxf3! resource
for Black in advance} 15. Na4 (15. Nce2 Qxd2 16. Rxd2 Nxf3 17. Nxf3 Nxe4) 15...
Qxd2 16. Bxd2 (16. Rxd2 b5 17. Nb2 Nxf3 18. Nxf3 Nxe4) 16... Nxf3 17. Nxf3 Be2
18. e5 dxe5 19. Nxe5 Bxd1 20. Rxd1 Ne4 21. Nd3 b5 22. Nab2 Nc3+ 23. Bxc3 Rxc3
$13 {the more or less forced line is not clear}) 15. g5 Nh5 16. f4 {A slight
improvement over Bg4 played in De Firmian - Kudrin. After Bxh5 gxh5, Black's
knight can't go to g4 anymore.} (16. Bg4 e6 17. Bxh5 gxh5 18. f4 Ng4 19. f5
Rfc8 20. f6 Bf8 21. Nce2 Rc7 22. Rc1 Rac8 23. Rhd1 Rc5 24. Bg1 d5 25. exd5 Rxd5
26. c4 Rd7 27. Qc3 Qb4 28. Nc2 Qxc3 29. Nxc3 Rcd8 30. Bxa7 h6 31. gxh6 Rxd1 32.
Rxd1 Rxd1+ 33. Nxd1 Nxf6 34. a4 Bxh6 35. Nde3 Ng4 36. Kb2 f5 37. Kc3 f4 38. Nd1
e5 39. b4 b6 40. Bxb6 e4 41. b5 Bc8 42. a5 e3 43. a6 Bg7+ 44. Bd4 e2 45. Nb2
Ne3 46. Bxg7 Nxc2 47. Nd3 f3 48. Bd4 Nxd4 49. Kd2 Nc2 50. a7 Bb7 51. c5 e1=Q+
52. Nxe1 f2 53. Nxc2 f1=Q 54. c6 Qf2+ 55. Kc3 Qc5+ 56. Kd2 Qxb5 57. cxb7 Qxb7 {
0-1 (57) De Firmian,N (2475) -Kudrin,S (2550) Bor 1984}) 16... Nc6 17. Bg4 {
White probably already has winning advantage} Nb4 (17... Nxd4 {was probably
Black's best defense.} 18. Bxd4 Bxd4 19. Qxd4 Nxf4 20. Nd5 Nxd5 21. exd5 {
White's attack is virtually unstoppable. It's interesting to note the
difference between the two bishops in this position.}) 18. Bxh5 gxh5 ({4.75
Stockfish 281014 64 SSE4.2:} 18... Rfc8 19. Bg4 e6 20. Rh3 b6 21. Qc1 Qa5 22.
a3 Nxc2 23. Nxc2 Rxc3 24. Bd2 Rxh3 25. Bxh3 Qb5 26. Bb4 Bb7 27. Bg2 a5 28. a4
Qe8 29. Bxd6 b5 30. axb5 Rc8 31. Qe3 Qxb5 32. Nd4 Qb6 33. Nf5 Qxe3 34. Nxe3 Rc3
35. Be7 Rxb3+ 36. Ka2 Rxe3 37. Rd8+ Bf8 38. Bxf8 Re2+ 39. Kb1 Re1+ 40. Kb2 Re2+
41. Ka3) 19. Nf5 {While Niels Bohr did say "Prediction is very difficult" it's
possible that the english grandmaster may have missed that Bxc3 is responded
with a check and mate in a couple of moves when looking at this position from
afar.} Rfe8 (19... Bxc3 20. Nxe7+ Kh8 21. Qxc3+ f6) 20. Nxg7 {with the dragon
bishop decapacitated, the Black's king is about as powerful as Viserys
Targaryen....} Kxg7 21. Qd4+ e5 (21... Kg8 22. Bc1 Qa5 23. Bb2 {would be a
pretty way to win}) 22. Qxd6 Rac8 23. Qf6+ Kg8 24. Rd7 Rf8 25. g6 1-0

[Event "Reykjavik Olafsson"]
[Site "Reykjavik"]
[Date "1995.??.??"]
[Round "8"]
[White "Olafsson, Helgi"]
[Black "Petursson, Margeir"]
[Result "1/2-1/2"]
[WhiteElo "2470"]
[BlackElo "2565"]
[Annotator "Petursson,M"]
[PlyCount "75"]
[EventDate "1995.09.??"]
[EventType "tourn"]
[EventRounds "11"]
[EventCountry "ISL"]
[EventCategory "11"]
[SourceTitle "CBM 049"]
[Source "ChessBase"]
[SourceDate "1995.12.01"]
[SourceVersion "1"]
[SourceVersionDate "1995.12.01"]
[SourceQuality "1"]

1. e4 c5 2. Nf3 d6 3. d4 cxd4 4. Nxd4 Nf6 5. Nc3 g6 6. Be3 Bg7 7. f3 Nc6 8. Qd2
O-O 9. O-O-O d5 10. exd5 Nxd5 11. Nxc6 bxc6 12. Bd4 e5 13. Bc5 Be6 14. Ne4 Re8
15. h4 Nf4 16. g3 Qxd2+ 17. Rxd2 Nh5 18. g4 Nf6 $6 (18... Nf4 {Van der
Wiel-Tivjakov, Wijk aan Zee 1994}) 19. Bd3 Bd5 20. Re1 Rad8 (20... Nxe4 21.
Bxe4 Bxe4 22. fxe4 $1 $14) 21. a4 (21. Red1 $1) 21... Nxe4 22. Bxe4 Bxe4 23.
fxe4 Bf8 24. Be3 Rxd2 25. Kxd2 Kg7 26. c3 a6 (26... Rd8+ $1 27. Kc2 a6) 27. Kd3
Be7 28. h5 Kf6 29. Rh1 Ke6 30. hxg6 hxg6 31. Kc4 Rd8 $10 32. b4 Bf6 33. g5 Be7
34. Rf1 Rd7 35. Bc5 Bd8 36. Be3 Be7 37. Bc5 Bd8 38. Be3 1/2-1/2

[Event "Monarch Assurance 12th"]
[Site "Port Erin"]
[Date "2003.10.02"]
[Round "6"]
[White "Psakhis, Lev"]
[Black "Williams, Simon Kim"]
[Result "1-0"]
[WhiteElo "2550"]
[BlackElo "2381"]
[Annotator "Psakhis,L"]
[PlyCount "49"]
[EventDate "2003.09.27"]
[EventType "swiss"]
[EventRounds "9"]
[EventCountry "IOM"]
[SourceTitle "CBM 096 Extra"]
[Source "ChessBase"]
[SourceDate "2003.10.22"]
[SourceVersion "2"]
[SourceVersionDate "2003.10.20"]
[SourceQuality "1"]

1. e4 c5 2. Nf3 d6 3. d4 Nf6 4. Nc3 cxd4 5. Nxd4 g6 6. Be3 Bg7 7. f3 Nc6 8. Qd2
O-O 9. O-O-O Bd7 10. g4 Rc8 11. h4 Ne5 12. Kb1 b5 (12... Qa5 13. Be2 Rxc3 $5
14. Qxc3 Qxc3 15. bxc3 Rc8 16. Kb2 Be8 17. h5 Nfd7 18. hxg6 hxg6 19. Bh6 $36 {
1-0 Sutovsky,E-Hodgson,J/Oxford-A 1998/CBM 69 (32)}) 13. h5 Nxf3 (13... b4 14.
Nd5 e6 15. Nxf6+ Qxf6 16. g5 Qd8 17. Qh2 Re8 18. hxg6 hxg6 19. Qh7+ Kf8 20. Nb5
$1 $16 {1-0 Zambrana,O-Pazos Gambarrotti,P/La Habana 2002 (26)}) 14. Nxf3 Bxg4
15. Bg2 $146 (15. Qg2 Rxc3 (15... Bxh5 16. Bd4 Ng4 17. Nd5 Bxd4 18. Rxd4 e6 19.
Nf4 e5 20. Nxe5 Qb6 21. Nf3 Ne3 {1-0 Pruess,D-Aramil,W/Lindsborg Rotary op
2002/The Week in Chess 425 (31)}) 16. bxc3 Qa5 17. e5 (17. Rd3 Be6 18. Nd4
Bxa2+ 19. Kc1 Rc8 20. Nf5 Bf8 21. Bg5 Rxc3 22. Bxf6 exf6 23. hxg6 fxg6 {
1/2-1/2 Tancsa,R-Dearing,E/Paks IM 2001/The Week in Chess 356 (27)}) (17. Bd4
e5 18. Be3 Nxe4 19. Qxg4 Nxc3+ 20. Kc1 Nxa2+ 21. Kb2 b4 22. c4 Qa3+ 23. Kc2
Qc3+ 24. Kb1 Qb3+ 25. Ka1 Nc3 {0-1 Savage,B-Duncan,C/BCF-ch Nottingham 1996 
(25)}) 17... Ne4 18. Qxg4 Nxc3+ 19. Kc1 Nxa2+ 20. Kb2 b4 21. Rd3 Nc3 22. Kb3
Rb8 23. Bb6 Rxb6 $19 {1-0 Hennigan,M-Duncan,C/Budapest 1993 (39)}) (15. Be2 $5
b4 16. Nd5 Nxe4 17. Qxb4 Bf5 18. hxg6 e6 19. Nh4 fxg6 20. Nxf5 gxf5 21. Nf4 Rb8
22. Bb5 Qe8 23. a4 a6 {1-0 Gallagher,J-Summerscale,A/Cannes op 1997 (29)})
15... b4 16. Nd5 (16. Nb5 $5 Qa5 17. h6 Bh8 18. Nxa7 Rc7 $13) 16... Nxe4 17.
Qxb4 e6 (17... Rb8 18. Qxe4 Rxb2+ 19. Kc1 Bf5 20. Qxf5 $1 (20. Qc4 Rxc2+ 21.
Qxc2 Bxc2 22. Kxc2 Qa5 $132) 20... gxf5 21. h6 $40) 18. h6 $1 (18. hxg6 $5 exd5
19. gxh7+ Kh8 20. Rxd5) 18... Bh8 $8 19. Qxe4 Bf5 20. Qxf5 (20. Qa4 $5 Rxc2 21.
Qxc2 Bxc2+ 22. Kxc2 exd5 23. Bd4 Qc8+ 24. Kb1 Qf5+ 25. Ka1 $14) 20... exf5 (
20... gxf5 $5 21. Rhg1 Re8 22. Ng5 (22. Bh3+ Kf8 23. Ng5 exd5 (23... f6 24.
Nxh7+ Kf7 25. Nf4 Rg8 26. Bg2) 24. Nxh7+ Ke7 25. Bxf5 Qa5 (25... Rg8 26. Rxg8
Qxg8 27. Rg1 $18) 26. Bg5+ f6 27. Bxf6+ Bxf6 28. Rde1+ Qxe1+ (28... Be5 29.
Rg7+) (28... Kd8 29. Rxe8+ Kxe8 30. Nxf6+ Kf7 31. Bxc8 $18) 29. Rxe1+ Be5 30.
Bxc8 Rxc8 31. Ng5 $16) 22... exd5 (22... Rb8 23. Bh1 $5 Bxb2 $8 24. Nxe6+ Bg7+
(24... Kh8 25. Nxd8 Rexd8 26. Rd3 $18) 25. Kc1 Rxe6 (25... fxe6 26. Rxg7+ Kh8
27. Bg5 $1 $18) 26. Rxg7+ Kh8 27. Bd4 $18) 23. Bxd5 Kf8 24. Nxh7+ Ke7 25. Bg5+
f6 26. Bh4 {[%cal Gh7f6]} Kd7 27. Rg7+ Bxg7 28. hxg7 $18) 21. Bg5 $1 f6 22. Bc1
(22. Rhe1 $5 Re8 23. Rxe8+ Qxe8 24. Bxf6 Rc4 $1) 22... Re8 23. Nd4 Qa5 (23...
Qd7 $142 24. Nf4 Re4 $1 $16) (23... Re5 24. Bf4) 24. Rh3 $1 {[%cal Gh3a3]} Re4
$2 (24... Qd8 25. Rb3) (24... Qa4 25. Nc3 (25. Rb3 Qd7 26. Rb7 Qxb7 27. Nxf6+
Bxf6 28. Bxb7 Rc5 29. c4 Kf8 30. Bd5 $18) 25... Qd7 26. Ndb5 $18) 25. Bxe4 (25.
Bxe4 fxe4 26. Ne7+ $18) 1-0

[Event "Cappelle op 31st"]
[Site "Cappelle la Grande"]
[Date "2015.03.07"]
[Round "9"]
[White "Blomqvist, Erik"]
[Black "Azarov, Sergei Nikolaevich"]
[Result "1/2-1/2"]
[WhiteElo "2515"]
[BlackElo "2636"]
[Annotator "RR"]
[PlyCount "81"]
[EventDate "2015.02.28"]
[EventType "swiss"]
[EventRounds "9"]
[EventCountry "FRA"]
[SourceTitle "EXT 2016"]
[Source "ChessBase"]
[SourceDate "2015.10.08"]
[SourceVersion "1"]
[SourceVersionDate "2015.10.08"]
[SourceQuality "1"]
[TimeControl "40/5400+30:1800+30"]

1. e4 {[%emt 0:00:00]} c5 {[%emt 0:00:00]} 2. Nf3 {[%emt 0:00:00]} d6 {[%emt 0:
00:11]} 3. d4 {[%emt 0:00:00]} cxd4 {[%emt 0:00:14]} 4. Nxd4 {[%emt 0:00:05]}
Nf6 {[%emt 0:00:08]} 5. Nc3 {[%emt 0:00:07]} g6 {[%emt 0:00:14]} 6. Be3 {
[%emt 0:00:10]} Bg7 {[%emt 0:00:15]} 7. f3 {[%emt 0:00:09]} O-O {[%emt 0:00:21]
} 8. Qd2 {[%emt 0:00:10]} Nc6 {[%emt 0:00:18]} 9. g4 $5 {[%emt 0:00:25]} (9.
Bc4) (9. O-O-O) 9... Nxd4 {[%emt 0:04:31]} 10. Bxd4 {[%emt 0:00:10]} Qa5 {
[%emt 0:00:30]} 11. O-O-O {[%emt 0:04:08]} Be6 {[%emt 0:02:11]} 12. a3 {
[%emt 0:00:17]} Rab8 {[%emt 0:10:45][%cal Gb7b5,Gb5b4] La partie s'annonce
tendue avec des chances réciproques} 13. Kb1 {[%emt 0:00:40]} (13. h4 b5 14.
Nd5 Qxd2+ 15. Rxd2 Bxd5 16. exd5 a5 {[%cal Gb5b4]} 17. Bh3 b4 $132 {Socko,B 
(2435)-Macieja,B (2465) POL-ch 54th Sopot 1997 (5) 1/2}) 13... Rfc8 {[%emt 0:
01:39]} 14. h4 {[%emt 0:00:15]} b5 {[%emt 0:01:38]} 15. Nd5 {[%emt 0:00:21]}
Qxd2 {[%emt 0:00:37]} 16. Rxd2 {[%emt 0:00:07]} Bxd5 {[%emt 0:00:39]} 17. exd5
{[%emt 0:00:08] Le suédois continue de jouer à tempo} a5 {[%emt 0:07:49]} 18.
h5 {[%emt 0:00:23]} (18. Ba7 Rb7 19. Bf2 Nd7 20. a4 bxa4 {0-1 (20) Horvath,A 
(2531)-Baumegger,S (2469) Zalakaros 2014}) 18... Nd7 $5 {[%emt 0:04:53]} 19. g5
{[%emt 0:00:23] Les Blancs continuent de suivre la préparation maison} (19.
Bxg7 Kxg7 20. h6+ Kf8 $132) 19... Ne5 {[%emt 0:29:21] Une position crittique} (
19... Nb6 {[%cal Gb6c4,Gb6d5]} 20. Bxb5 (20. hxg6 hxg6 21. Bxg7 Kxg7 22. Rdh2
Rg8 {[%cal Gg7f8]} 23. Rh7+ Kf8 24. Bxb5 Nxd5 25. Bc4 Nc3+ 26. Kc1 {[%cal
Gh7f7]} d5 $13) 20... Nxd5) 20. Be2 $146 {[%emt 0:20:24]} (20. Rf2 b4 21. a4
Ng4 22. Rg2 Bxd4 23. Rxg4 Bg7 24. Bb5 Rc5 25. Rd1 Rbc8 26. Rd2 Rd8 27. f4 Kf8
28. Rh4 e6 29. dxe6 fxe6 30. Bd3 Kf7 31. Rh3 Re8 32. Re3 Re7 33. Rde2 Bd4 34.
Rh3 Bg7 35. Ree3 Rc8 36. Re1 Ree8 37. Rhe3 d5 38. R3e2 Rcd8 39. Rf1 Rf8 40. Rh2
Rc8 41. Re1 Rh8 42. Bb5 Rcd8 43. Ka2 Rhf8 44. Bd3 Rd6 45. Kb3 Rd7 46. Bb5 Re7
47. Rhe2 Rd8 48. Ba6 Rd6 49. Bd3 Rc7 {Felytin,L (2446)-Saenko,O (2481) ICCF
email 2011 1/2-1/2}) 20... Nc4 {[%emt 0:02:37]} 21. Rd3 {[%emt 0:00:13]} (21.
Rdd1 {Karjakin,S (2753)-Nakamura,H (2799) FIDE GP Khanty-Mansiysk 2015 (1) 1/2}
) 21... b4 $132 {[%emt 0:05:07]} 22. a4 {[%emt 0:01:02]} Nb6 {[%emt 0:06:42]}
23. b3 {[%emt 0:11:31][%csl Rc3]} (23. Bxb6 Rxb6 24. Re3 Kf8 25. Bb5 {[%cal
Gb5c6]} Rc5 26. Rd3 (26. Bc6)) 23... Rc7 {[%emt 0:04:40]} 24. Bf2 {[%emt 0:22:
35]} Rbc8 {[%emt 0:03:53]} 25. h6 {[%emt 0:14:12]} Bh8 {[%emt 0:02:14]} 26. c4
$5 {[%emt 0:00:14] Entraine des grosses complications} bxc3 {[%emt 0:01:34]}
27. Bxb6 {[%emt 0:00:17]} Rb7 {[%emt 0:00:02]} 28. Bd4 {[%emt 0:08:54]} Rxb3+ {
[%emt 0:00:15]} 29. Kc1 {[%emt 0:00:27]} Bxd4 {[%emt 0:01:12]} 30. Rxd4 {
[%emt 0:00:04]} c2 $13 {[%emt 0:00:41][%cal Gb3b1]} 31. Kd2 {[%emt 0:00:22]}
c1=Q+ $1 {[%emt 0:00:17]} 32. Rxc1 {[%emt 0:00:04]} Rb2+ {[%emt 0:00:04]} 33.
Kd1 {[%emt 0:00:20]} Rxc1+ {[%emt 0:00:06]} 34. Kxc1 {[%emt 0:00:05]} Rxe2 {
[%emt 0:00:03] La structure avantage les Noirs mais le Kg8 est mal placé et
le Pa5 peut tomber} 35. Rc4 $1 {[%emt 0:00:06][%csl Ra5,Rg8]} f6 $1 {[%emt 0:
00:15]} 36. gxf6 {[%emt 0:05:37]} exf6 {[%emt 0:00:02]} 37. Rc7 {[%emt 0:00:25]
[%csl Rg8,Rh7][%cal Gc7g7]} Rh2 {[%emt 0:02:14]} 38. Rc8+ {[%emt 0:00:22]} Kf7
{[%emt 0:00:05]} 39. Rc7+ {[%emt 0:00:06]} Kg8 {[%emt 0:00:23]} 40. Rc8+ {
[%emt 0:00:00]} Kf7 {[%emt 0:00:00]} 41. Rc7+ {[%emt 0:00:32] Une belle partie
mais la nulle n'arrange aucune des adversaires qui devaient gagner dans cette
dernière ronde} 1/2-1/2

[Event "Rohde op 08th"]
[Site "Sautron"]
[Date "2008.10.27"]
[Round "4"]
[White "Vocaturo, Daniele"]
[Black "Carlsson, Pontus"]
[Result "1/2-1/2"]
[WhiteElo "2383"]
[BlackElo "2515"]
[Annotator "RR"]
[PlyCount "50"]
[EventDate "2008.10.25"]
[EventType "swiss"]
[EventRounds "9"]
[EventCountry "FRA"]
[SourceTitle "EXT 2009"]
[Source "ChessBase"]
[SourceDate "2008.11.26"]
[SourceVersion "1"]
[SourceVersionDate "2008.11.26"]
[SourceQuality "1"]

1. e4 c5 2. Nf3 d6 3. d4 cxd4 4. Nxd4 Nf6 5. Nc3 g6 6. Be3 Bg7 7. f3 O-O 8. Qd2
Nc6 9. O-O-O (9. Bc4 {[%csl Gd5] La grande ligne et la manière dont les noirs
vont facilement annuler la partie tend а démontrer que Bc4 est nettement
meilleur pour jouer pour le gain.}) 9... d5 10. exd5 Nxd5 11. Nxc6 bxc6 12. Bd4
Nxc3 (12... e5 13. Bc5 Be6 {Gligoric,S-Taimanov,M YUG-URS Belgrade 1956 1-0}) (
12... Bxd4) 13. Qxc3 Bh6+ 14. Be3 (14. Kb1 $4 e5) 14... Bxe3+ 15. Qxe3 Qb6 16.
Qxe7 (16. Qc3 Be6 17. h4 Rfd8 18. Bd3 Rab8 19. h5 Qd4 $5) 16... Be6 {[%csl Ra2]
} 17. Qa3 (17. Bd3 $5 {Calistri,T (2324)-Vachier Lagrave,M (2271) Clichy
Masters 13th 2001 (2) 1/2}) (17. Kb1 c5 $11) 17... Rad8 18. Bd3 Rd5 $11 19.
Rhe1 Ra5 20. Qc3 Rxa2 21. b3 Ra5 (21... Qa5) 22. Kb2 ({RR} 22. Bc4 Bxc4 {
1/2-1/2 Aginian,N (2301)-Carlsson,P (2514)/Kalamaria 2008/CB38}) (22. Rxe6 fxe6
23. Bc4) 22... Bd5 $146 ({RR} 22... Rd8 23. Qf6 Rad5 24. Rxe6 fxe6 25. Bc4 R8d6
26. Bxd5 cxd5 27. Rd3 Rc6 28. Rc3 Rxc3 29. Qxc3 d4 30. Qc4 Kg7 31. f4 Qd6 32.
g3 h5 33. c3 dxc3+ 34. Kxc3 e5 35. b4 exf4 36. gxf4 Kf6 37. Qe4 {Blomqvist,E 
(2379)-Mardell,J (2248)/Sweden 2007/CB11/1/2-1/2 (38)}) 23. Re7 Rc5 24. Qe1 Ra5
25. Qc3 Rc5 1/2-1/2